| 000 | 00500 a2200217 4500 | ||
|---|---|---|---|
| 260 | _aOttawa | ||
| 100 | _aBENE, J. G | ||
| 700 | 1 | _aBEALLH W | |
| 700 | 1 | _aCOTE, A. | |
| 260 | _bCRDI | ||
| 245 | _aLes arbres dans l'aménagement des terres sous les tropiques : une solution à la faim | ||
| 300 | _a55p. | ||
| 650 | _amise en valeur du sol | ||
| 650 | _afamine | ||
| 260 | _c1978 | ||
| 130 | _lFr. | ||
| 651 | _azone humide | ||
| 020 | _a0-88936-169-X | ||
| 999 |
_c21964 _d21964 |
||